Normal view MARC view
  • Estado de México

Entry Nombre Corporativo

Number of records used in: 1

001 - NÚMERO DE CONTROL

  • campo de control: 45129

003 - IDENTIFICADOR DE NUMERO DE CONTROL

  • campo de control: UPN

005 - FECHA Y HORA DE LA ÜLTIMA TRANSACCIÓN

  • campo de control: 20220812134355.0

008 - DATOS DE LONGITUD FIJA

  • campo de control de longitud fija: 220629|| aca||aabn | a|a d

040 ## - FUENTE DE CATALOGACIÓN

  • Agencia original de catalogación: UPN

110 1# - ENCABEZAMIENTO - NOMBRE CORPORATIVO

  • Nombre corporativo o de jurisdicción como elemento de entrada : Estado de México
  • Unidad subordinada: Congreso Constituyente, 1917